500 Indian recipes: Deliciously authentic step-by-step recipes from India and South-East Asia, easy-to-make with over 500 photographs (Record no. 34392)
[ view plain ]
| 000 -LEADER | |
|---|---|
| fixed length control field | 00553nam a2200169Ia 4500 |
| 008 - FIXED-LENGTH DATA ELEMENTS--GENERAL INFORMATION | |
| fixed length control field | 230917s9999||||xx |||||||||||||| ||und|| |
| 020 ## - ISBN | |
| Price | RS450 |
| 040 ## - CATALOGING SOURCE | |
| -- | 212695 |
| Original cataloging agency | VIVEKANANDA LIBRARY |
| 041 ## - Language | |
| -- | English |
| 082 ## - DDC NUMBER | |
| Classification number | 641.5954 S95F |
| 100 ## - MAIN ENTRY--PERSONAL NAME | |
| Personal name | Husain, Shehzad |
| 245 #0 - TITLE STATEMENT | |
| Title | 500 Indian recipes: Deliciously authentic step-by-step recipes from India and South-East Asia, easy-to-make with over 500 photographs |
| 260 ## - PUBLICATION, DISTRIBUTION, ETC. (IMPRINT) | |
| Place of publication, distribution, etc | Leicestershire |
| Name of publisher, distributor, etc | Anness Publishing |
| Date of publication, distribution, etc | 2012 |
| 300 ## - PHYSICAL DESCRIPTION | |
| Pages | 256 p. |
| 500 ## - GENERAL NOTE | |
| General note | 4264 25/11/2013 5831 21/03/2014 Main Budget |
| 942 ## - ADDED ENTRY ELEMENTS (KOHA) | |
| Koha item type | Books |
| Withdrawn status | Lost status | Damaged status | Not for loan | Location (home branch) | Sublocation or collection (holding branch) | Shelving location | Date acquired | Koha issues (times borrowed) | Koha full call number | Accession No. | Koha date last seen | Koha item type |
|---|---|---|---|---|---|---|---|---|---|---|---|---|
| VIVEKANANDA LIBRARY | VIVEKANANDA LIBRARY | IHTM Library | 11/04/2014 | 641.5954 S95F | 337214 | 17/09/2023 | Books |
